Después de la modernidad: nuevas filosofías de la educación
Guardat en:
| Autor principal: | |
|---|---|
| Altres autors: | |
| Format: | Llibre |
| Idioma: | espanyol |
| Publicat: |
Barcelona
Paidós
1994
|
| Col·lecció: | Papeles de pedagogía, 15
|
| Matèries: | |
| Etiquetes: |
Afegir etiqueta
Sense etiquetes, Sigues el primer a etiquetar aquest registre!
|
MARC
| LEADER | 00000cam a2200000 a 4500 | ||
|---|---|---|---|
| 001 | UCT9834 | ||
| 003 | CL-VaPUC | ||
| 008 | 970412e19940000SP |||||||||||||||||spa|d | ||
| 020 | |a 8475099742 | ||
| 082 | 0 | 4 | |a 370.1 |b COL |2 21 |
| 100 | 0 | |a Colom Cañellas, Antonio J |e author |9 382889 | |
| 700 | |a Mèlich Sangrà, Joan-Carles |e autor |9 558084 | ||
| 245 | 1 | 0 | |a Después de la modernidad: nuevas filosofías de la educación |
| 300 | |a 192 p | ||
| 942 | |c BK | ||
| 945 | |d 19970412 00:00:00 |a amoreno | ||
| 260 | |a Barcelona |b Paidós |c 1994 | ||
| 600 | 0 | 7 | |a TOFFLER, ALVIN |2 CL-VaPUC |9 382891 |
| 650 | 0 | |a Educación |9 258661 | |
| 650 | 0 | |a Ideologías |9 255200 | |
| 650 | 0 | |a Contracultura |9 382892 | |
| 650 | 0 | |a Posmodernidad |9 325588 | |
| 650 | 0 | |a Filosofía |9 223554 | |
| 650 | 7 | |a CONOCIMIENTO |2 CL-VaPUC |9 308991 | |
| 650 | 0 | |a Sociedad |9 307903 | |
| 650 | 0 | |a Sistemas |9 336966 | |
| 583 | |a last modification |c 20170223 11:12:44 |k Rodrigo Vera | ||
| 490 | 0 | |a Papeles de pedagogía, 15 | |
| 999 | |c 258200 |d 258198 | ||
| 952 | |0 0 |1 0 |4 0 |6 370_100000000000000_COL_1994 |7 0 |8 A |9 282109 |a FDOPOS |b FDOPOS |d 2019-11-19 |i 330003K |o 370.1 COL 1994 |p 330003K |r 2025-01-22 |w 2019-11-19 |y BK |k MED | ||
| 952 | |0 0 |1 0 |4 0 |6 370_100000000000000_COL_1994 |7 0 |8 A |9 282110 |a BIBEDU |b BIBEDU |d 2019-11-19 |i 4025822 |o 370.1 COL 1994 |p 4025822 |r 2019-11-19 |w 2019-11-19 |y BK |k EBA | ||
| 952 | |0 0 |1 0 |4 0 |6 370_100000000000000_COL_1994 |7 0 |8 A |9 282111 |a BIBEDU |b BIBEDU |d 2019-11-19 |i 4257804 |o 370.1 COL 1994 |p 4257804 |r 2019-11-19 |w 2019-11-19 |y BK |k EBA | ||
| 952 | |0 0 |1 0 |3 erb |4 0 |6 370_100000000000000_COL_1994 |7 0 |8 A |9 282112 |a BIBENE |b BIBENE |i 5327318 |o 370.1 COL 1994 |p 5327318 |r 2025-01-15 |w 2019-11-19 |y BK |z Catalogado en:20170226 |k ICO | ||